[Event "AUTO-BEG-203"]
[Site "http://www.queenalice.com/game.php?id=424581"]
[Date "2008.6.28"]
[Round "2"]
[White "Emmaus92"]
[Black "Papageno"]
[Result "0-1"]
[WhiteElo "1342"]
[BlackElo "1950"]

1. e4 b6 2. Bc4 Bb7 3. Qf3 Nf6 4. Nh3 Bxe4 5. Ng5 Bxf3 6. Nxf3 e6 7. Ng5 Bc5 8.
Nc3 Ng4 9. Nce4 Bxf2+ 10. Nxf2 Nxf2 11. Rf1 Qxg5 12. Rxf2 Qh4 13. Kf1 Qxc4+ 14.
d3 Qc6 15. Bg5 Qb5 16. Bh4 Qxb2 17. Re1 Qxa2 18. Re5 Nc6 19. Rg5 Qb1+ 20. Ke2
Qxc2+ 21. Ke3 Qc1+ 22. Ke2 Nd4# 0-1

[Event "tournament01"]
[Site "http://www.queenalice.com/game.php?id=438534"]
[Date "2008.7.25"]
[Round "2"]
[White "soonersam"]
[Black "Emmaus92"]
[Result "0-1"]
[WhiteElo "952"]
[BlackElo "1382"]

1. e4 e6 2. b4 Bxb4 3. c3 Bc5 4. d4 Nf6 5. dxc5 Nxe4 6. f3 Nxc5 7. Be3 b6 8. f4
Ne4 9. Qd4 d5 10. Qxg7 Rf8 11. Qxh7 Nf6 12. Qh3 e5 13. Qg3 Rg8 14. Qf3 e4 15.
Qf2 Ng4 16. Qe2 Nc6 17. h3 Nd4 18. Bxd4 Nf6 19. Qf2 Rh8 20. h4 Ng4 21. Qb2 Rxh4
22. Rxh4 Qxh4+ 23. Kd1 c5 24. Qb3 Nf2+ 25. Ke1 Nh3+ 26. Kd1 Bg4+ 27. Kc1 Qe1+
28. Kc2 Qd1+ 29. Kb2 Qxf1 30. Qxd5 Rd8 31. Qb3 Bd1 32. Qa3 cxd4 33. Nxh3 Qd3 34.
Nf2 Qc2# 0-1

[Event "AUTO-INT-998"]
[Site "http://www.queenalice.com/game.php?id=446618"]
[Date "2008.8.10"]
[Round "1"]
[White "Emmaus92"]
[Black "marlonpro"]
[Result "1-0"]
[WhiteElo "1335"]
[BlackElo "1255"]

1. e3 e5 2. Bc4 Nh6 3. Qh5 g6 4. Qxe5+ Qe7 5. Qxh8 Qg5 6. Qxh7 Qf5 7. Bd3 Qg5 8.
b3 Nc6 9. Qh8 d6 10. Nf3 Qxg2 11. Rf1 Bg4 12. Nd4 Ke7 13. Nc3 Nb4 14. Ba3 c5 15.
Be4 Qxh2 16. Nd5+ Nxd5 17. Bxd5 f6 18. Bxb7 Rb8 19. Nc6+ Ke8 20. Nxb8 Bh5 21. b4
cxb4 22. Bxb4 Nf7 23. Qg8 1-0

[Event "AUTO-INT-998"]
[Site "http://www.queenalice.com/game.php?id=446631"]
[Date "2008.8.10"]
[Round "1"]
[White "Emmaus92"]
[Black "danilo_girino"]
[Result "0-1"]
[WhiteElo "1398"]
[BlackElo "1824"]

1. e3 e5 2. Bc4 d5 3. Bb3 Nc6 4. Qh5 Nf6 5. Qe2 e4 6. Nc3 Bg4 7. Qb5 Rb8 8. Nge2
a6 9. Qa4 Ra8 10. Nd4 b5 11. Ndxb5 axb5 12. Qxb5 Bd7 13. Nxd5 Nxd5 14. Bxd5 Nd4
15. Qc4 Be6 16. Bc6+ Nxc6 17. Qxc6+ Ke7 18. b3 g6 19. Ba3+ Rxa3 20. Qc5+ Ke8 21.
Qc6+ Qd7 22. Qxe4 Bg7 23. d4 c6 24. O-O Kd8 25. Rad1 Bd5 26. Qh4+ f6 27. c4 Be6
28. d5 cxd5 29. Qg3 Ke7 30. e4 d4 31. Rfe1 Bxc4 32. Re3 Be6 33. Red3 Rxa2 34.
Rxd4 Qxd4 35. Rxd4 Ra1+ 36. Rd1 Rxd1# 0-1

[Event "AUTO-INT-998"]
[Site "http://www.queenalice.com/game.php?id=446632"]
[Date "2008.8.10"]
[Round "1"]
[White "danilo_girino"]
[Black "Emmaus92"]
[Result "1-0"]
[WhiteElo "1782"]
[BlackElo "1340"]

1. d4 e6 2. e4 Nf6 3. Bg5 h6 4. Bh4 g5 5. Bg3 Nxe4 6. Be5 f6 7. Qh5+ Ke7 8. Bg3
c6 9. Bd3 Qa5+ 10. c3 Kd8 11. Bxe4 Bb4 12. Ne2 f5 13. Be5 fxe4 14. Bxh8 d6 15.
Qxh6 e5 16. Qf8+ Kc7 17. dxe5 dxe5 18. cxb4 Qb6 19. Nbc3 Bg4 20. Bxe5+ Kd7 21.
O-O-O+ Ke6 22. Qf6# 1-0

[Event "AUTO-INT-998"]
[Site "http://www.queenalice.com/game.php?id=446634"]
[Date "2008.8.10"]
[Round "1"]
[White "Zendrix"]
[Black "Emmaus92"]
[Result "1-0"]
[WhiteElo "1577"]
[BlackElo "1398"]

1. e4 Nf6 2. Nc3 h5 3. d4 h4 4. e5 Ne4 5. Nxe4 b6 6. Bc4 Bb7 7. d5 e6 8. Nf3 Rh5
9. O-O f5 10. exf6 gxf6 11. Nc3 Qe7 12. Nd4 Qh7 13. dxe6 Qg7 14. Qxh5+ Kd8 15.
f3 h3 16. Qxh3 Bc5 17. Be3 f5 18. Qh4+ Be7 19. Qf4 Bd6 20. Qxf5 Qh8 21. h3 Qf8
22. Bg5+ Be7 23. Qxf8# 1-0

[Event "rivincita"]
[Site "http://www.queenalice.com/game.php?id=449915"]
[Date "2008.8.17"]
[Round "-"]
[White "Emmaus92"]
[Black "Baal"]
[Result "0-1"]
[WhiteElo "1350"]
[BlackElo "1537"]

1. e3 e5 2. Qh5 g6 3. Qxe5+ Ne7 4. Qxh8 h5 5. Nf3 f5 6. Ng5 Nd5 7. Nh7 Qe7 8.
Bc4 c6 9. Nc3 Nxc3 10. bxc3 d5 11. Ba3 c5 12. Bxc5 Qxc5 13. Bb3 Be6 14. d4 Qxc3+
15. Ke2 Nd7 16. Ba4 O-O-O 17. Rab1 b6 18. Rhc1 Ba3 19. Ng5 Rxh8 20. Nxe6 Bxc1
21. Rxc1 Re8 22. Ng7 Re7 23. Nxf5 gxf5 0-1

[Event "Challenge"]
[Site "http://www.queenalice.com/game.php?id=458819"]
[Date "2008.9.5"]
[Round "-"]
[White "therota2"]
[Black "Emmaus92"]
[Result "1-0"]
[WhiteElo "1512"]
[BlackElo "1378"]

1. d4 e6 2. e4 Qh4 3. e5 Nh6 4. Nf3 Bb4+ 5. c3 Qe4+ 6. Be3 Ng4 7. cxb4 Nc6 8.
Qb3 Ne7 9. Nc3 Qg6 10. Nb5 Nd5 11. Bc4 O-O 12. Bxd5 exd5 13. Nxc7 Rb8 14. Rc1 b6
15. Qxd5 d6 16. h3 Bb7 17. hxg4 Bxd5 18. Nxd5 Rb7 19. Ng5 Re8 20. Rxh7 Qe6 21.
Ke2 Qxd5 22. Rch1 Kf8 23. Kf1 Qc4+ 24. Kg1 dxe5 25. Ne4 1-0

[Event "Challenge"]
[Site "http://www.queenalice.com/game.php?id=464207"]
[Date "2008.9.16"]
[Round "-"]
[White "Emmaus92"]
[Black "Arianna"]
[Result "0-1"]
[WhiteElo "1343"]
[BlackElo "1116"]

1. e3 d5 2. Bb5+ Bd7 3. a4 Bxb5 4. axb5 Qd6 5. Ra4 Qb6 6. Nc3 c6 7. Nf3 e6 8.
Ne5 cxb5 9. Nxb5 Qxb5 10. Qg4 h5 11. Qf4 Nf6 12. b3 h4 13. e4 dxe4 14. Rc4 Nbd7
15. Nxd7 Kxd7 16. Qc7+ Ke8 17. d4 Bb4+ 18. Bd2 Ba5 19. Bxa5 b6 20. Rb4 Qf5 21.
O-O Qxa5 22. c3 Qa2 23. Qb7 Rd8 24. Rc4 Qxb3 25. Rc8 Rh5 26. Qc7 Rd5 27. Qc6+
Ke7 28. h3 R8d6 29. Qa8 e5 30. c4 Rxd4 31. c5 bxc5 32. Rxc5 Rd1 33. Qxa7+ Rd7
34. Qa6 Qb1 35. Rxe5+ Kd8 36. Qa8+ Kc7 0-1

[Event "Challenge"]
[Site "http://www.queenalice.com/game.php?id=464208"]
[Date "2008.9.16"]
[Round "-"]
[White "Emmaus92"]
[Black "rubon"]
[Result "0-1"]
[WhiteElo "1367"]
[BlackElo "1334"]

1. e3 e5 2. c3 d5 3. Nh3 Nf6 4. Qa4+ Nc6 5. Bb5 Bd7 6. b3 a6 7. Bd3 h6 8. Ba3
Nd4 9. Qa5 Ng4 10. Bb5 Bxb5 11. cxd4 Qh4 12. Nc3 b6 13. g3 Qxh3 14. Bxf8 bxa5
15. Bxg7 Rg8 16. Bxe5 Qg2 17. Rf1 Qxf1# 0-1

[Event "AUTO-INT-1065"]
[Site "http://www.queenalice.com/game.php?id=475634"]
[Date "2008.10.10"]
[Round "1"]
[White "ceredro"]
[Black "Emmaus92"]
[Result "1-0"]
[WhiteElo "1662"]
[BlackElo "1318"]

1. g3 e6 2. Bg2 Bc5 3. Nf3 Nf6 4. d3 Ng4 5. O-O c6 6. Bg5 f6 7. Bc1 Nxf2 8. Rxf2
Bxf2+ 9. Kxf2 Qb6+ 10. e3 Na6 11. Nc3 Nc7 12. Nd2 Nd5 13. Bxd5 exd5 14. Qh5+ g6
15. Qh6 Rg8 16. Qxh7 Rf8 17. Qxg6+ Ke7 18. b3 d6 19. Bb2 Be6 20. Na4 Qb4 21. Ke2
1-0

[Event "AUTO-INT-1065"]
[Site "http://www.queenalice.com/game.php?id=475646"]
[Date "2008.10.10"]
[Round "1"]
[White "aureliano"]
[Black "Emmaus92"]
[Result "1-0"]
[WhiteElo "1587"]
[BlackElo "1354"]

1. e3 e5 2. e4 Nf6 3. Nf3 c6 4. Bc4 Nxe4 5. Qe2 Bc5 6. Qxe4 d5 7. Qxe5+ Be6 8.
Qxg7 Rf8 9. Bb3 Qb6 10. d4 Bb4+ 11. c3 Ba5 12. O-O Qc7 13. Qxh7 Nd7 14. Ng5 Nf6
15. Qg7 Ng4 16. g3 Qe7 17. Re1 Nf6 18. Nd2 Nh5 19. Qh6 Rg8 20. Ndf3 Bg4 21. Re5
Be6 22. Qxh5 O-O-O 23. Nh7 Rh8 24. Qh6 f6 25. Re2 Rxh7 26. Qf4 f5 27. Ng5 1-0

[Event "AUTO-INT-1065"]
[Site "http://www.queenalice.com/game.php?id=475647"]
[Date "2008.10.10"]
[Round "1"]
[White "Emmaus92"]
[Black "aureliano"]
[Result "0-1"]
[WhiteElo "1348"]
[BlackElo "1589"]

1. e3 e6 2. Nf3 Nc6 3. g3 b6 4. Bb5 Bb7 5. b3 a6 6. Bc4 Nf6 7. Nc3 Bd6 8. Ng5
Ne5 9. e4 Bc5 10. f4 h6 11. fxe5 hxg5 12. exf6 Qxf6 13. Rf1 Qe5 14. Qf3 Rxh2 15.
d3 Qxc3+ 16. Kd1 Qxc2+ 17. Ke1 Bb4+ 0-1

[Event "AUTO-INT-1065"]
[Site "http://www.queenalice.com/game.php?id=475652"]
[Date "2008.10.10"]
[Round "1"]
[White "thom"]
[Black "Emmaus92"]
[Result "1-0"]
[WhiteElo "1585"]
[BlackElo "1316"]

1. e4 e5 2. f4 Bb4 3. c3 Bc5 4. d4 Qh4+ 5. g3 Qe7 6. dxc5 Qxc5 7. Bd3 d6 8. Nf3
Bg4 9. Qe2 Nc6 10. Be3 Qa5 11. Nbd2 Nf6 12. f5 1-0

[Event "AUTO-INT-1065"]
[Site "http://www.queenalice.com/game.php?id=475653"]
[Date "2008.10.10"]
[Round "1"]
[White "Emmaus92"]
[Black "thom"]
[Result "0-1"]
[WhiteElo "1311"]
[BlackElo "1590"]

1. e3 c5 2. Bc4 Nf6 3. Nf3 d6 4. c3 Bg4 5. Qa4+ Nbd7 6. Qb3 Qc7 7. Ng5 e6 8.
Bxe6 fxe6 9. Nxe6 Bxe6 10. Qxe6+ Be7 11. f4 Nf8 12. Qb3 O-O-O 0-1